| 000 -LEADER |
| fixed length control field |
01502cam a22003854a 4500 |
| 001 - CONTROL NUMBER |
| control field |
4521681 |
| 003 - CONTROL NUMBER IDENTIFIER |
| control field |
OSt |
| 005 - DATE AND TIME OF LATEST TRANSACTION |
| control field |
20211221152859.0 |
| 008 - FIXED-LENGTH DATA ELEMENTS--GENERAL INFORMATION |
| fixed length control field |
990312s2000 nyua 001 0 eng |
| 010 ## - LIBRARY OF CONGRESS CONTROL NUMBER |
| LC control number |
99024973 |
| 020 ## - INTERNATIONAL STANDARD BOOK NUMBER |
| International Standard Book Number |
0471156965 (cloth : alk. paper) |
| 038 ## - RECORD CONTENT LICENSOR |
| Staff Name |
khadija |
| 040 ## - CATALOGING SOURCE |
| Original cataloging agency |
DLC |
| Transcribing agency |
DLC |
| Modifying agency |
DLC |
| 042 ## - AUTHENTICATION CODE |
| Authentication code |
pcc |
| 050 00 - LIBRARY OF CONGRESS CALL NUMBER |
| Classification number |
TH6010 |
| Item number |
.S74 2000 |
| 082 00 - DEWEY DECIMAL CLASSIFICATION NUMBER |
| Classification number |
696 |
| Edition number |
21 |
| Author Mark |
STE |
| 100 1# - MAIN ENTRY--PERSONAL NAME |
| Personal name |
Stein, Benjamin. |
| 9 (RLIN) |
86885 |
| 245 10 - TITLE STATEMENT |
| Title |
Mechanical and electrical equipment for buildings / |
| Statement of responsibility, etc. |
Benjamin Stein, John S. Reynolds. |
| 250 ## - EDITION STATEMENT |
| Edition statement |
9th ed. |
| 260 ## - PUBLICATION, DISTRIBUTION, ETC. |
| Place of publication, distribution, etc. |
New York : |
| Name of publisher, distributor, etc. |
Wiley, |
| Date of publication, distribution, etc. |
c2000. |
| 300 ## - PHYSICAL DESCRIPTION |
| Extent |
xxxii, 1790 p. : |
| Other physical details |
ill. ; |
| Dimensions |
27 cm. |
| 500 ## - GENERAL NOTE |
| General note |
Includes index. |
| 563 ## - BINDING INFORMATION |
| Binding note |
Hard cover |
| 650 #0 - SUBJECT ADDED ENTRY--TOPICAL TERM |
| Topical term or geographic name entry element |
Buildings |
| General subdivision |
Mechanical equipment. |
| 9 (RLIN) |
86886 |
| 650 #0 - SUBJECT ADDED ENTRY--TOPICAL TERM |
| Topical term or geographic name entry element |
Buildings |
| General subdivision |
Electric equipment. |
| 9 (RLIN) |
86887 |
| 650 #0 - SUBJECT ADDED ENTRY--TOPICAL TERM |
| Topical term or geographic name entry element |
Buildings |
| General subdivision |
Environmental engineering. |
| 9 (RLIN) |
86888 |
| 700 1# - ADDED ENTRY--PERSONAL NAME |
| Personal name |
Reynolds, John, |
| Dates associated with a name |
1938- |
| 9 (RLIN) |
55064 |
| 856 42 - ELECTRONIC LOCATION AND ACCESS |
| Materials specified |
Contributor biographical information |
| Uniform Resource Identifier |
<a href="http://www.loc.gov/catdir/bios/wiley042/99024973.html">http://www.loc.gov/catdir/bios/wiley042/99024973.html</a> |
| 856 42 - ELECTRONIC LOCATION AND ACCESS |
| Materials specified |
Publisher description |
| Uniform Resource Identifier |
<a href="http://www.loc.gov/catdir/description/wiley034/99024973.html">http://www.loc.gov/catdir/description/wiley034/99024973.html</a> |
| 856 4# - ELECTRONIC LOCATION AND ACCESS |
| Materials specified |
Table of Contents |
| Uniform Resource Identifier |
<a href="http://www.loc.gov/catdir/toc/onix05/99024973.html">http://www.loc.gov/catdir/toc/onix05/99024973.html</a> |
| 906 ## - LOCAL DATA ELEMENT F, LDF (RLIN) |
| a |
7 |
| b |
cbc |
| c |
orignew |
| d |
1 |
| e |
ocip |
| f |
19 |
| g |
y-gencatlg |
| 942 ## - ADDED ENTRY ELEMENTS (KOHA) |
| Source of classification or shelving scheme |
|
| Koha item type |
Book |